| 000 | 00594cab a2200205 4500 | ||
|---|---|---|---|
| 001 | WB2419-36 | ||
| 008 | 090401t1988 xxu||||| |||| 00| 0 eng d | ||
| 035 | _a(Sirsi) u11978 | ||
| 041 | _aeng | ||
| 245 | _aBillingsgate plans flotation | ||
| 260 | _c1988 | ||
| 350 | _a0 | ||
| 490 |
_aIndependent _v11/5/88 p23 |
||
| 520 | _aBillingsgate City Securities is preparing to become the first single-asset property company to seek a listing on the UK stock exchange . | ||
| 650 | _aSAPCO | ||
| 650 | _aUNITISATION | ||
| 690 | _aPROPERTY LAW AND PRACTICE | ||
| 942 | _n0 | ||
| 948 | _c04/03/1997 | ||
| 999 |
_c7656 _d7656 |
||